000 00451nmm a2200157Ia 4500
008 251105s9999||||xx |||||||||||||||||und||
020 _a9789562847308
041 _aeng
100 _aRomey, Jared
245 0 _aSpeaking Chileno. A Guide To Chilean Slang
264 _a[Santiago de Chile, Chile] :
_bRil editores,
_c2010
300 _a160 páginas
650 _aLexicology
856 _uhttps://public.digitaliapublishing.com/a/18655
942 _cCF
999 _c94472
_d94472